000 00760nam a22002897a 4500
001 BR0002023
003 BR-BrBNA
005 20230928100539.0
007 ta
008 230509b bl.||||| |||| 00| 0 por d
040 _aBR-BrBNA
_bpor
_cBiblioteca Nacional de Agricultura
041 _a(Por)
072 _aM12; P10
090 _ M12 BR0002023
100 1 _aBoyd, C.
245 1 _aManejo do solo e da qualidade da agua em viveiro para aquicultura
260 3 _aCampinas, SP (Brasil):
_c1997.
300 _a55 p.
500 _a10 tables; 11 illus.
650 _aAquicultura
650 _aViveiro
650 _aQualidade da Agua
650 _aManejo do Solo
650 _aManejo de Agua
909 _a202309
_bLucia
_c55
_dLucia Elande
942 _cBK
999 _c61765
_d61765